Landwirtschaftliches Jahrbuch der Schweiz

Gespeichert in:
Bibliographische Detailangaben
Format: Schriftenreihe
Sprache:Deutsch
Veröffentlicht: Bern Verbandsdruckerei 1978
Tags: Tag hinzufügen
Keine Tags, Fügen Sie das erste Tag hinzu!

MARC

LEADER 00000nas2a2200000$$$4500
001 0013743
005 20250730114320.7
041 0 |a ger 
044 |a CH 
245 1 0 |a Landwirtschaftliches Jahrbuch der Schweiz 
264 1 |a Bern  |b Verbandsdruckerei  |c 1978 
300 |a 1 zv. 
773 0 |w eu_un_cat*0011174